000 01357cas a22003017a 4500
001 36227
003 UA-OsUOA
005 20230612120305.0
007 ta
008 200601c1996 un wr|n||00| 0 ukrcdukr d
040 _aUA-OsUOA
_bukr
_cUA-OsUOA
_dUA-OsUOA
041 _aukr
044 _aUA
080 _a37
090 _a37
_bО72
099 _a40123
110 _aМіністерство освіти і науки України
245 _aОсвіта України
_cгол. ред. Короденко М.
260 _aК.
_bПедагогічна преса
_c1996
310 _aщотижня
505 _a«Освіта України» — щотижнева газета, єдине офіційне друковане видання Міністерства освіти і науки України. Заснована 1996 року. Засновники: Міністерство освіти і науки України, Національна академія педагогічних наук України, Профспілка працівників освіти України.
650 7 _a37 Освіта. Виховання. Навчання. Дозвілля
_2UDC
942 _cNP
_2udc
_s1
955 _a0
962 _d1996
999 _c309802
_d309802